Normal view
MARC view
Entry Personal Name
001 - CONTROL NUMBER
- control field: 4905
003 - CONTROL NUMBER IDENTIFIER
- control field: OSt
005 - DATE AND TIME OF LATEST TRANSACTION
- control field: 20190429152038.0
008 - FIXED-LENGTH DATA ELEMENTS
- fixed length control field: 190429|| aca||aabn | a|a d
040 ## - CATALOGING SOURCE
- Original cataloging agency: OSt
- Transcribing agency: OSt
100 ## - HEADING--PERSONAL NAME
- Personal name: Kumar, K. Kiran
670 ## - SOURCE DATA FOUND
- Source citation: Work cat.: (OSt): Kumar, K. Kiran, An analysis of tenant farmers condition and difficulties at macro and micro level, 2018
